| 000 | 00347nam a2200133Ia 4500 | ||
|---|---|---|---|
| 008 | 240624s9999 xx 000 0 und d | ||
| 041 | _aeng | ||
| 082 | _a658.4092 KUR | ||
| 100 | _aKURKE LANCE | ||
| 245 | _aWISDOM OF ALEXANDER THE GREAT ENDURING L | ||
| 260 |
_c2004 _aNew York _bAMACOM |
||
| 300 | _axxiii, : 168 : p. : cm. ; 22 | ||
| 365 |
_c _b28 |
||
| 999 |
_c22086 _d22086 |
||